| 000 | 00397nam a22001697a 4500 | ||
|---|---|---|---|
| 003 | CEME | ||
| 005 | 20210628204003.0 | ||
| 008 | 210316b xxu||||| |||| 00| 0 eng d | ||
| 020 | _a0-03-053853-X | ||
| 040 | _c. | ||
| 082 | _a621.39 DRI'D | ||
| 100 |
_aDriscoll, Frederick F _968154 |
||
| 245 | _aData communications | ||
| 260 |
_aTOKYO _bSAUNDERS _c1992 |
||
| 300 | _a313P | ||
| 942 |
_cBK _2ddc |
||
| 999 |
_c575784 _d575784 |
||